| 000 | 00953nam a2200277 i 4500 | ||
|---|---|---|---|
| 001 | bg | ||
| 003 | KOSZ 005 | ||
| 005 | 20200630132822.0 | ||
| 008 | 071106s1968 pl a f 000 0 pol | ||
| 015 | _aPB 1968/9026 | ||
| 040 |
_aWA N _cKOSZ 005/RW _dKOSZ 005/RW |
||
| 041 | 1 |
_apol _hfre |
|
| 080 | _a37 | ||
| 100 | 1 |
_aMialaret, Gaston _d(1918- ) |
|
| 245 | 1 | 0 |
_aWprowadzenie do pedagogiki / _cGaston Mialaret ; [tł. Bolesław Baranowski]. |
| 246 | 1 |
_iTyt. oryg.: _aIntroduction à la pédagogie. |
|
| 260 |
_aWarszawa : _bPaństwowe Wydawnictwo Naukowe, _c1968. |
||
| 300 |
_a211, [4] s. : _bil. ; _c18 cm. |
||
| 380 | _aKsiążki. | ||
| 504 | _aBibliogr. s. 211-[212]. | ||
| 650 | 4 | _aPedagogika | |
| 700 | 1 |
_aBaranowski, Bolesław. _eTł. |
|
| 710 | 2 |
_aPaństwowe Wydawnictwo Naukowe _4pbl. |
|
| 856 |
_uhttp://koha.tu.koszalin.pl/cgi-bin/koha/opac-detail.pl?biblionumber=11105 _yKatalog online BPK |
||
| 942 |
_2UKD _cKS |
||
| 999 |
_c11105 _d11105 |
||